Responses for Show #6612 - Tuesday, May 21, 2013

Contestants

[<< previous game]

Rachel Eastwood, a veterinary technician student from Denver, Colorado

Nate Mull, a graduate student of political science from East Brunswick, New Jersey

Paul Curcio, a web designer from Philadelphia, Pennsylvania (whose 1-day cash winnings total $19,103)

[next game >>]

Jeopardy! Round responses

MEN AT WORK
FLOWERY PROSE
SOUNDS LIKE A CAR PART
SILENT P WORDS
URBAN LIT
MOVIE NAME DROPPERS
    $200 17
(Chuck) Hagel

Nate
    $200 13
tulips

Nate
    $200 1
a radiator

Nate
    $200 6
the cupboard

Paul
    $200 10
New York City

Rachel
    $200 19
Wanda

Rachel
    $400 18
(Paul: Who is Ralph Lauren?)

Calvin Klein

Paul
Triple Stumper
    $400 14
a rose

Paul
    $400 2
transmission

Nate
    $400 7
Psalms

Paul
    $400 11
Philadelphia

Rachel
    $400 20
Evan

Nate
    $600 24
Gordon Ramsay

Rachel
    $600 15
daisy

Paul
    $600 3
a spark plug

Paul
    $600 8
pneumonia

Rachel
    $600 12
Paris

Nate
    $600 21
Amy

Nate
    $1,500 25
Niels Bohr

Rachel
    $800 27
a dahlia

Rachel
    $800 4
a muffler

Paul
    $800 9
a receipt

Nate
    $800 29
Los Angeles

Triple Stumper
    $800 22
Mike

Paul
    $1000 26
(Clarence) Darrow

Paul
    $1000 28
(Rachel: What is Jerusalem?)

Bethlehem

Rachel
Triple Stumper
    $1000 5
the cylinder

Triple Stumper
    $1000 16
coup

Paul
    $1000 30
Algiers

Rachel
    $1000 23
Sarah Marshall

Paul

Scores at the first commercial break (after clue 15):

Paul Nate Rachel
$3,000 $2,200 $1,200

Scores at the end of the Jeopardy! Round:

Paul Nate Rachel
$6,400 $3,400 $4,300

Double Jeopardy! Round responses

"MEN" AT WORK
PSYCH 101
10-MILLION-SELLING ALBUMS
THE DAYS OF THE STAGECOACH
THE COLD WARS
National Geographic Bee WINNING QUESTIONS
(Later this week I'll be hosting the 25th National Geographic Bee in Washington, DC.)
    $400 1
a menace

Nate
    $400 16
delusions

Nate
    $400 21
Bob Marley

Rachel
    $400 6
Buffalo Bill

Nate
    $400 11
Valley Forge

Nate
    $400 26
the Andes

Nate
    $800 2
a menorah

Nate
    $800 17
parallel

Paul
    $800 22
Kenny G

Rachel
    $800 7
chewing tobacco

Paul
    $2,000 12
(Nate: What is the Battle of... Stalingrad?)

the Battle of the Bulge

Nate
    $800 27
the Jutland

Rachel
    $1200 3
ménàge a trois

Rachel
    $1200 18
obsessive-compulsive disorder

Paul
    $1200 23
Shania Twain

Paul
    $1200 8
Concord

Nate
    $1200 13
York

Rachel
    $1200 28
La Niña

Paul
    $1600 4
Mensa

Paul
    $2,600 19
Sybil

Paul
    $1600 24
Faith

Paul
    $1600 9
strong

Paul
    $1600 14
the Korean War

Nate
    $1600 29
the Holy Roman Empire

Nate
    $2000 5
mendacity

Nate
    $2000 20
the Electra complex

Rachel
    $2000 25
Creed

Rachel
    $2000 10
(Rachel: What is the Pony Express?)
(Paul: What is the postal service?)

the U.S. Mail

PaulRachel
Triple Stumper
    $2000 15
the Teutonic Knights

Nate
    $2000 30
Afghanistan

Paul

Scores at the end of the Double Jeopardy! Round:

Paul Nate Rachel
$19,000 $12,600 $10,700

[wagering suggestions for these scores]

Final Jeopardy! Round responses

FRENCH LITERATURE
RachelWhat is Around the World in 80 Days?
$9,300
NateWhat is Thais?
$6,000
PaulWhat is Les Miserables?
$6,497
Around the World in 80 Days

Final scores:

Paul Nate Rachel
$12,503 $6,600 $20,000
2nd place: $2,000 3rd place: $1,000 New champion: $20,000

Game dynamics:

Coryat scores:

Paul Nate Rachel
$18,000 $14,600 $10,000
20 R
(including 1 DD),
2 W
19 R,
1 W
(including 1 DD)
15 R
(including 1 DD),
2 W

Combined Coryat: $42,600

[game clues] [game scores] [suggest correction]

Game tape date: 2013-01-09
The J! Archive is created by fans, for fans. Scraping, republication, monetization, and malicious use prohibited; this site may use cookies and collect identifying information. See terms. The Jeopardy! game show and all elements thereof, including but not limited to copyright and trademark thereto, are the property of Jeopardy Productions, Inc. and are protected under law. This website is not affiliated with, sponsored by, or operated by Jeopardy Productions, Inc. Join the discussion at JBoard.tv.